MARC details
| 000 -LEADER |
| fixed length control field |
02050cam a2200517 a 4500 |
| 001 - CONTROL NUMBER |
| control field |
BK0011966074 |
| 003 - CONTROL NUMBER IDENTIFIER |
| control field |
DLC |
| 005 - DATE AND TIME OF LATEST TRANSACTION |
| control field |
20241220134415.0 |
| 008 - FIXED-LENGTH DATA ELEMENTS--GENERAL INFORMATION |
| fixed length control field |
120913s2013 nyub c 000 1 eng c |
| 010 ## - LIBRARY OF CONGRESS CONTROL NUMBER |
| LC control number |
2012035290 |
| 020 ## - INTERNATIONAL STANDARD BOOK NUMBER |
| International Standard Book Number |
9780545284158 : HRD |
| Terms of availability |
$17.99 |
| 020 ## - INTERNATIONAL STANDARD BOOK NUMBER |
| International Standard Book Number |
0545284155 : HRD |
| Terms of availability |
$17.99 |
| 037 ## - SOURCE OF ACQUISITION |
| Source of stock number/acquisition |
Scholastic, Po Box 7502, Jefferson City, MO, USA, 65102 |
| Note |
SAN 860-0023 |
| 040 ## - CATALOGING SOURCE |
| Original cataloging agency |
NJQ/DLC |
| Transcribing agency |
NJQ |
| Modifying agency |
DLC |
| Description conventions |
rda |
| 050 00 - LIBRARY OF CONGRESS CALL NUMBER |
| Classification number |
PZ7.N5672 |
| Item number |
Run 2013 |
| 082 00 - DEWEY DECIMAL CLASSIFICATION NUMBER |
| Classification number |
[Fic] |
| Edition number |
23 |
| 082 00 - DEWEY DECIMAL CLASSIFICATION NUMBER |
| Classification number |
813.6 |
| Edition number |
23 |
| 092 ## - LOCALLY ASSIGNED DEWEY CALL NUMBER (OCLC) |
| Classification number |
FIC |
| 092 ## - LOCALLY ASSIGNED DEWEY CALL NUMBER (OCLC) |
| Classification number |
813.6000 |
| 092 ## - LOCALLY ASSIGNED DEWEY CALL NUMBER (OCLC) |
| Classification number |
NIELSEN |
| 100 1# - MAIN ENTRY--PERSONAL NAME |
| Personal name |
Nielsen, Jennifer A. |
| 9 (RLIN) |
5896815 |
| 245 14 - TITLE STATEMENT |
| Title |
The runaway king / |
| Statement of responsibility, etc |
Jennifer A. Nielsen. |
| 246 ## - VARYING FORM OF TITLE |
| Remainder of title |
Ascendance |
| 246 ## - VARYING FORM OF TITLE |
| Remainder of title |
Ascendance Book Two |
| 246 ## - VARYING FORM OF TITLE |
| Remainder of title |
Ascendance Book 2 |
| 250 ## - EDITION STATEMENT |
| Edition statement |
1st ed. |
| 260 ## - PUBLICATION, DISTRIBUTION, ETC. (IMPRINT) |
| Place of publication, distribution, etc |
New York, N.Y. : |
| Name of publisher, distributor, etc |
Scholastic Press, |
| Date of publication, distribution, etc |
2013. |
| 264 #1 - Production, Publication, Distribution, Manufacture, and Copyright Notice. |
| Place of production, publication, distribution, manufacture |
New York, N.Y. : |
| Name of producer, publisher, distributor, manufacturer |
Scholastic Press, |
| Date of production, publication, distribution, manufacture, or copyr |
2013. |
| 300 ## - PHYSICAL DESCRIPTION |
| Extent |
331 p. : |
| Other physical details |
maps ; |
| Dimensions |
22 cm. |
| 336 ## - Content Type |
| Content type term |
text |
| 337 ## - Media type |
| Media type term |
unmediated |
| 338 ## - Carrier type |
| Carrier type term |
volume |
| 440 ## - SERIES STATEMENT/ADDED ENTRY--TITLE |
| Title |
Ascendance : |
| Volume number/sequential designation |
Book 2. |
| 9 (RLIN) |
6376310 |
| 500 ## - GENERAL NOTE |
| General note |
"Maps by Kayley LeFaiver." |
| 520 ## - SUMMARY, ETC. |
| Summary, etc |
Young King Jaron has taken the throne of Carthya, but after enemies attempt to assassinate him, and a neighboring kingdom threatens invasion, he finds that he has no friends in the palace, not even his bride-to-be, princess Amarinda--and his regents think it would be better for Carthya if he just disappeared again. |
| 650 #0 - SUBJECT ADDED ENTRY--TOPICAL TERM |
| Topical term or geographic name as entry element |
Kings and rulers |
| Form subdivision |
Juvenile fiction. |
| 9 (RLIN) |
5680767 |
| 650 #0 - SUBJECT ADDED ENTRY--TOPICAL TERM |
| Topical term or geographic name as entry element |
Princesses |
| Form subdivision |
Juvenile fiction. |
| 9 (RLIN) |
6376311 |
| 650 #0 - SUBJECT ADDED ENTRY--TOPICAL TERM |
| Topical term or geographic name as entry element |
Courts and courtiers |
| Form subdivision |
Juvenile fiction. |
| 9 (RLIN) |
5739375 |
| 650 #0 - SUBJECT ADDED ENTRY--TOPICAL TERM |
| Topical term or geographic name as entry element |
Conspiracies |
| Form subdivision |
Juvenile fiction. |
| 9 (RLIN) |
5684335 |
| 650 #1 - SUBJECT ADDED ENTRY--TOPICAL TERM |
| Topical term or geographic name as entry element |
Kings, queens, rulers, etc. |
| Form subdivision |
Fiction. |
| 9 (RLIN) |
5674172 |
| 650 #1 - SUBJECT ADDED ENTRY--TOPICAL TERM |
| Topical term or geographic name as entry element |
Princesses |
| Form subdivision |
Fiction. |
| 9 (RLIN) |
5673903 |
| 650 #1 - SUBJECT ADDED ENTRY--TOPICAL TERM |
| Topical term or geographic name as entry element |
Courts and courtiers |
| Form subdivision |
Fiction. |
| 9 (RLIN) |
5673858 |
| 650 #1 - SUBJECT ADDED ENTRY--TOPICAL TERM |
| Topical term or geographic name as entry element |
Conspiracies |
| Form subdivision |
Fiction. |
| 9 (RLIN) |
5673860 |
| 800 1# - SERIES ADDED ENTRY--PERSONAL NAME |
| Personal name |
Nielsen, Jennifer A. |
| Title of a work |
Ascendance trilogy ; |
| Volume/sequential designation |
bk. 2. |
| 9 (RLIN) |
6252081 |
| 942 ## - ADDED ENTRY ELEMENTS (KOHA) |
| Koha item type |
BOOK |
| Source of classification or shelving scheme |
Dewey Decimal Classification |